000 00529nam a2200181Ia 4500
005 20250508150951.0
008 008 250505s9999 xx 000 0 eng d
037 _aTextual
040 _aFEDL
_beng
_cFEDL
041 _aeng
_2eng
084 _a370.193, SMI
_qFEDL
100 _aSmith William Owen Lester
_9758072
245 0 _aStudies in education
260 _aLondon, UK
_bUniversity of London, Institute of Education
_c1950
300 _a21p.
942 _cTEXL
_h370.193, SMI
999 _c1326781
_d1326781